Izzy in the doghouse / written by Caroline Adderson ; illustrated by Kelly Collier.
"Seven-year-old Isabel is an adopted, only child, who lives with her single mom and her nanny, Rosa. Isabel's best friend is Zoë. Zoë adores the shenanigans they get up to together, EXCEPT when it gets them into trouble, which does happen now and then! Getting into trouble is Zoë's idea of CATASTROPHE. Each time it happens, it means the friendship is on the rocks -- freeze-out time. Whenever this happens, it's really tough on Isabel, who desperately misses her best friend and doesn't feel like herself at all. Isabel decides that her problem must be that she has TOO MUCH LOVE and not enough people to give it to. Luckily, her mom and Rosa present her with a solution! They decide to adopt a dog. "Just like when Mom adopted me!" Isabel thinks. Now Isabel will have her very own baby to LOVE LOVE LOVE with all her heart. But she soon discovers taking care of a baby is not as easy as she thought ... And when things go wrong, that's when Zoë and Isabel's friendship really shines through. "-- Provided by publisher.
Record details
- ISBN: 9781771387323
- ISBN: 1771387327
- Physical Description: 163 pages : illustrations ; 19 cm
- Publisher: Toronto, ON : Kids Can Press, [2020]
Content descriptions
| Formatted Contents Note: | Yum. A dirt sandwich. -- In the doghouse -- Gotcha! -- Once upon a time -- Too much love -- The good news -- The Dog Agency -- Love at first sight -- DO NOT USE -- The Blabs! -- Yip, yip, ring, beep, beep -- Nice life. |
Search for related items by subject
| Genre: | Children's stories. Juvenile works. Fiction. |
Search for related items by series
Available copies
- 1 of 1 copy available at scottsboropl.
Holds
- 0 current holds with 1 total copy.
Show Only Available Copies
| Location | Call Number / Copy Notes | Barcode | Shelving Location | Status | Due Date |
|---|---|---|---|---|---|
| scottsboropl | BC Add | 32269001233017 | Juvenile - Beginning Chapter | Available | - |
| LDR | 05784cam a2201093 i 4500 | ||
|---|---|---|---|
| 001 | 159945 | ||
| 003 | SBPL | ||
| 005 | 20230208101444.0 | ||
| 008 | 191017t20202020onca j 000 f eng | ||
| 020 | . | ‡a9781771387323 ‡q(hardcover) | |
| 020 | . | ‡a1771387327 ‡q(hardcover) | |
| 035 | . | ‡a(OCoLC)1123217166 ‡z(OCoLC)1201311093 ‡z(OCoLC)1204116581 ‡z(OCoLC)1220979840 ‡z(OCoLC)1222804190 | |
| 050 | 4. | ‡aPZ7.1.A239 ‡bIzz 2020 | |
| 055 | 0 | 0. | ‡aPS8551.D3267 ‡bI98 2020 |
| 082 | 0 | . | ‡aC813/.54 ‡223 |
| 082 | 0 | 4. | ‡a813/.54 ‡223 |
| 100 | 1 | . | ‡aAdderson, Caroline, ‡d1963- ‡eauthor. |
| 245 | 1 | 0. | ‡aIzzy in the doghouse / ‡cwritten by Caroline Adderson ; illustrated by Kelly Collier. |
| 246 | 3 | . | ‡aIzzy in the dog house |
| 264 | 1. | ‡aToronto, ON : ‡bKids Can Press, ‡c[2020] | |
| 300 | . | ‡a163 pages : ‡billustrations ; ‡c19 cm | |
| 336 | . | ‡atext ‡btxt ‡2rdacontent | |
| 336 | . | ‡astill image ‡bsti ‡2rdacontent | |
| 337 | . | ‡aunmediated ‡bn ‡2rdamedia | |
| 338 | . | ‡avolume ‡bnc ‡2rdacarrier | |
| 490 | 1 | . | ‡aIzzy. ; ‡vBk 1 |
| 505 | 0 | . | ‡aYum. A dirt sandwich. -- In the doghouse -- Gotcha! -- Once upon a time -- Too much love -- The good news -- The Dog Agency -- Love at first sight -- DO NOT USE -- The Blabs! -- Yip, yip, ring, beep, beep -- Nice life. |
| 520 | . | ‡a"Seven-year-old Isabel is an adopted, only child, who lives with her single mom and her nanny, Rosa. Isabel's best friend is Zoë. Zoë adores the shenanigans they get up to together, EXCEPT when it gets them into trouble, which does happen now and then! Getting into trouble is Zoë's idea of CATASTROPHE. Each time it happens, it means the friendship is on the rocks -- freeze-out time. Whenever this happens, it's really tough on Isabel, who desperately misses her best friend and doesn't feel like herself at all. Isabel decides that her problem must be that she has TOO MUCH LOVE and not enough people to give it to. Luckily, her mom and Rosa present her with a solution! They decide to adopt a dog. "Just like when Mom adopted me!" Isabel thinks. Now Isabel will have her very own baby to LOVE LOVE LOVE with all her heart. But she soon discovers taking care of a baby is not as easy as she thought ... And when things go wrong, that's when Zoë and Isabel's friendship really shines through. "-- ‡cProvided by publisher. | |
| 650 | 0. | ‡aFriendship ‡vJuvenile fiction. | |
| 650 | 0. | ‡aBest friends ‡vJuvenile fiction. | |
| 650 | 0. | ‡aObedience ‡vJuvenile fiction. | |
| 650 | 0. | ‡aChildren ‡xConduct of life ‡vJuvenile fiction. | |
| 650 | 0. | ‡aDogs ‡vJuvenile fiction. | |
| 650 | 0. | ‡aAdopted children ‡vJuvenile fiction. | |
| 650 | 0. | ‡aDecision making ‡vJuvenile fiction. | |
| 650 | 0. | ‡aForgiveness ‡vJuvenile fiction. | |
| 655 | 0. | ‡aChildren's stories. | |
| 655 | 7. | ‡aJuvenile works. | |
| 655 | 7. | ‡aFiction. ‡2lcgft | |
| 700 | 1 | . | ‡aCollier, Kelly, ‡eillustrator. |
| 700 | 1 | . | ‡aUçar, Yasemin, ‡eeditor. |
| 800 | 1 | . | ‡aAdderson, Caroline, ‡d1963- ‡tIzzy. ; ‡vBk 1 |
| 901 | . | ‡a159945 ‡bAUTOGEN ‡c159945 ‡tbiblio | |